[Event "Invitation"]
[Site "http://www.queenalice.com/game.php?id=938876"]
[Date "2011.5.16"]
[Round "-"]
[White "ElisaFelix"]
[Black "robertovicente"]
[Result "0-1"]
[WhiteElo "1500"]
[BlackElo "1380"]

1. d4 d5 2. c4 e6 3. Nf3 dxc4 4. e4 Be7 5. Bxc4 Nf6 6. e5 Nd5 7. O-O O-O 8. Nc3
Nxc3 9. bxc3 h6 10. h3 a6 11. Nh2 b5 12. Qf3 c6 13. Bd3 Bb7 14. Qg3 Kh8 15. Qg4
f5 16. exf6 Rxf6 17. Nf3 Nd7 18. Ng5 hxg5 19. Bxg5 c5 20. Qh5+ Kg8 21. Rae1 Bd5
22. f4 c4 23. Qh7+ Kf8 24. f5 cxd3 25. Qh8+ Kf7 26. fxe6+ Bxe6 27. Qh7 Bc4 28.
Bh6 Qf8 29. Rf2 Rxf2 30. Kxf2 Ke8+ 31. Kg1 gxh6 32. Rf1 Qxf1+ 33. Kxf1 d2+ 34.
Kf2 d1=Q 35. Qe4 Qf1+ 0-1

[Event "Challenge"]
[Site "http://www.queenalice.com/game.php?id=940606"]
[Date "2011.5.20"]
[Round "-"]
[White "robertovicente"]
[Black "rlarin"]
[Result "1-0"]
[WhiteElo "1553"]
[BlackElo "1780"]

1. d4 d5 2. c4 Nc6 3. Bf4 g6 4. e3 e6 5. a3 Bg7 6. Nc3 Nf6 7. h3 O-O 8. Nf3 a6
9. Be2 Ne4 10. Nxe4 dxe4 11. Nd2 e5 12. dxe5 Nxe5 13. O-O Nc6 14. Rb1 Qe7 15. b4
Be5 16. Bxe5 Qxe5 17. c5 Rd8 18. Qc2 Re8 19. Nc4 Qg5 20. Kh2 Ne7 21. Rbd1 Nf5
22. g3 Qh6 23. Bg4 Qg5 24. Bxf5 Bxf5 25. Qe2 h5 26. Rd5 c6 27. Rd4 Rab8 28. Nd6
Re6 29. Rfd1 Rf6 30. Nxf5 Qxf5 31. Kg2 b6 32. Rd8+ Rxd8 33. Rxd8+ Kg7 34. cxb6
1-0

[Event "Let's Play Chess!"]
[Site "http://www.queenalice.com/game.php?id=946136"]
[Date "2011.6.5"]
[Round "-"]
[White "scacchista96"]
[Black "robertovicente"]
[Result "0-1"]
[WhiteElo "1142"]
[BlackElo "1851"]

1. d4 d5 2. Bf4 Bf5 3. Nf3 e6 4. e3 a6 5. Nbd2 h6 6. Be2 Nf6 7. c4 c5 8. O-O Nc6
9. cxd5 Nxd5 10. Bc4 Nxf4 11. exf4 Nxd4 0-1

[Event "Challenge"]
[Site "http://www.queenalice.com/game.php?id=948392"]
[Date "2011.6.10"]
[Round "-"]
[White "robertovicente"]
[Black "CapitanFerrini"]
[Result "1-0"]
[WhiteElo "1553"]
[BlackElo "1965"]

1. d4 Nf6 2. Bf4 c5 3. dxc5 Qa5+ 4. Nc3 e6 5. e3 Bxc5 6. a3 Nd5 7. Be5 Nxc3 8.
Bxc3 Qc7 9. Nf3 O-O 10. Bd3 f5 11. O-O Nc6 12. b4 Be7 13. Bb2 b6 14. Bb5 a5 15.
Bxc6 dxc6 16. c3 Ba6 17. Re1 Bc4 18. Qc2 Rad8 19. Red1 Ra8 20. h3 1-0

[Event "Challenge"]
[Site "http://www.queenalice.com/game.php?id=953163"]
[Date "2011.6.23"]
[Round "-"]
[White "robertovicente"]
[Black "ElisaFelix"]
[Result "1-0"]
[WhiteElo "1832"]
[BlackElo "1240"]

1. d4 c6 2. Bf4 d5 3. e3 Bf5 4. Nf3 Nf6 5. h3 Nbd7 6. Be2 e6 7. O-O Nh5 8. Bh2
Qf6 9. Nbd2 Be7 10. Ne5 Rd8 11. Nxd7 Rxd7 12. Bxh5 O-O 13. c3 Bxh3 14. gxh3 Qg5+
15. Qg4 f5 16. Qxg5 Bxg5 17. Be2 f4 18. exf4 Bxf4 19. Bxf4 Rxf4 20. Nf3 h6 21.
Ne5 Re7 22. Ng6 1-0

[Event "Challenge"]
[Site "http://www.queenalice.com/game.php?id=953407"]
[Date "2011.6.24"]
[Round "-"]
[White "robertovicente"]
[Black "Comedorovitch"]
[Result "1-0"]
[WhiteElo "1678"]
[BlackElo "1638"]

1. d4 d5 2. c4 Nf6 3. Bf4 e6 4. e3 Bd6 5. Bxd6 Qxd6 6. c5 Qd8 7. Nf3 O-O 8. a4
c6 9. b4 b6 10. Bd3 h6 11. Nbd2 Qc7 12. Ne5 Nbd7 13. Ndf3 Bb7 14. a5 Nxe5 15.
Nxe5 Ne4 16. Qc2 1-0

[Event "Challenge"]
[Site "http://www.queenalice.com/game.php?id=955415"]
[Date "2011.6.30"]
[Round "-"]
[White "gabriellima"]
[Black "robertovicente"]
[Result "0-1"]
[WhiteElo "1544"]
[BlackElo "1739"]

1. e4 e5 2. Nf3 Nc6 3. Bb5 Nge7 4. Bxc6 Nxc6 5. O-O d6 6. d3 Bg4 7. Bg5 Be7 8.
Bxe7 Qxe7 9. Nbd2 Nd4 10. c3 Nxf3+ 11. Nxf3 Qf6 12. Kh1 Bxf3 13. Qxf3 Qxf3 14.
gxf3 O-O-O 15. Rg1 g6 16. Rg4 f6 17. a4 Rdg8 18. Ra3 f5 19. exf5 gxf5 20. Rxg8+
Rxg8 21. Rb3 f4 22. Rb5 c6 23. Ra5 Kb8 24. b4 b6 25. Ra6 Kb7 26. b5 Ra8 27. Kg2
Rg8+ 28. Kh3 h5 29. Kh4 Rg2 30. h3 Rxf2 31. Kxh5 Rxf3 32. h4 Rg3 33. a5 cxb5 34.
Rxb6+ axb6 35. axb6 f3 36. d4 exd4 37. cxd4 f2 38. Kh6 f1=R 39. h5 Rh1 40. d5
Kxb6 41. Kh7 Rxh5# 0-1

[Event "Let's Play Chess!"]
[Site "http://www.queenalice.com/game.php?id=956253"]
[Date "2011.7.2"]
[Round "-"]
[White "REDWOLF"]
[Black "robertovicente"]
[Result "0-1"]
[WhiteElo "1758"]
[BlackElo "1768"]

1. e4 e5 2. Nf3 Nc6 3. Bc4 Be7 4. O-O Nf6 5. Nc3 d6 6. d4 Bg4 7. Bg5 Nxd4 8.
Bxf6 Bxf3 9. gxf3 Bxf6 10. Nd5 O-O 11. f4 c6 12. fxe5 dxe5 13. Ne3 b5 14. Bb3 a5
15. f4 a4 16. Bxf7+ Rxf7 17. fxe5 Bxe5 18. Qh5 Rxf1+ 19. Rxf1 Qe7 20. Nf5 Nxf5
21. Rxf5 Bd4+ 22. Kg2 Qxe4+ 23. Kg3 g6 24. Rf4 Be5 25. Qf3 Bxf4+ 26. Qxf4 Qxf4+
27. Kxf4 Re8 0-1

[Event "Challenge"]
[Site "http://www.queenalice.com/game.php?id=959165"]
[Date "2011.7.11"]
[Round "-"]
[White "genethetrucker"]
[Black "robertovicente"]
[Result "0-1"]
[WhiteElo "1580"]
[BlackElo "1860"]

1. e4 e5 2. Nf3 Nc6 3. Bb5 Nge7 4. c3 d6 5. d4 exd4 6. cxd4 Bd7 7. Nc3 a6 8. Bc4
h6 9. Qb3 d5 10. exd5 Na5 11. Qb4 Nxc4 12. Qxc4 b5 13. Qb3 Nf5 14. O-O Bd6 15.
Re1+ Ne7 16. Bd2 O-O 17. Ne4 Bf5 18. Ng3 Bxg3 19. fxg3 Nxd5 20. Qxd5 Qxd5 21. b3
Rfe8 22. Rac1 Rxe1+ 23. Rxe1 Be4 24. Re3 Re8 25. h4 Re6 26. Ba5 Bxf3 27. Rxf3
Qxd4+ 28. Kh2 Qd6 29. Kh3 h5 30. g4 hxg4+ 31. Kxg4 Re4+ 32. Kh3 Qh6 33. g3 Qe6+
34. Kg2 Re2+ 35. Rf2 Qe4+ 0-1

[Event "Challenge"]
[Site "http://www.queenalice.com/game.php?id=959233"]
[Date "2011.7.11"]
[Round "-"]
[White "pork_chop"]
[Black "robertovicente"]
[Result "0-1"]
[WhiteElo "1606"]
[BlackElo "1832"]

1. d4 d5 2. e3 Bf5 3. Bd3 Bxd3 4. cxd3 e6 5. Nc3 Nf6 6. Nf3 Be7 7. Qa4+ c6 8.
Ne5 O-O 9. Qb3 b5 10. e4 b4 11. Ne2 dxe4 12. dxe4 Nxe4 13. Ng4 a5 14. Qd3 Nf6
15. Ne5 Nd5 16. Ng3 f6 17. Ng4 Nd7 18. Nh5 Qc7 19. f4 f5 20. Ne5 c5 21. Qg3 Bf6
22. Bd2 cxd4 23. Rc1 Qd6 24. b3 Bxe5 25. O-O Bf6 26. Rf2 g6 27. Be1 Qe7 28.
Nxf6+ N7xf6 29. Rfc2 Nh5 30. Qh3 Nhxf4 31. Qh6 d3 32. Rc4 Ne2+ 33. Kf1 Nxc1 34.
Qxc1 Qd7 35. Rc5 Rfc8 36. Bd2 Rxc5 37. Qxc5 Qc7 38. Qd4 Qc2 39. Bh6 Qe2+ 0-1

[Event "Challenge"]
[Site "http://www.queenalice.com/game.php?id=960094"]
[Date "2011.7.14"]
[Round "-"]
[White "sioux"]
[Black "robertovicente"]
[Result "0-1"]
[WhiteElo "1626"]
[BlackElo "1846"]

1. e4 e5 2. d3 Nf6 3. Nf3 d6 4. Bg5 Be7 5. c4 O-O 6. b4 a6 7. Nbd2 Nc6 8. a3 h6
9. Bxf6 Bxf6 10. Be2 b5 11. O-O Bg4 12. h3 Bxf3 13. Bxf3 Nd4 14. cxb5 axb5 15.
Kh1 Bg5 16. Bg4 Bxd2 17. Qxd2 Nb3 18. Qe2 Nxa1 19. Rxa1 Ra4 20. Qc2 g6 21. Be2
h5 22. Rc1 Rxa3 23. Qb2 Qa8 24. Bf3 Ra2 25. Qc3 Rxf2 26. Qxc7 Qa3 27. Qxd6 Qxc1+
28. Kh2 Qe3 29. Qxe5 Qxf3 30. Qg3 Qxg3+ 31. Kxg3 Rb2 32. Kf3 Rxb4 33. d4 Rxd4
0-1

[Event "Challenge"]
[Site "http://www.queenalice.com/game.php?id=960095"]
[Date "2011.7.14"]
[Round "-"]
[White "robertovicente"]
[Black "sioux"]
[Result "1-0"]
[WhiteElo "1811"]
[BlackElo "1615"]

1. d4 d5 2. c4 dxc4 3. e3 Be6 4. Nf3 Bd5 5. Nfd2 b5 6. a4 c6 7. axb5 cxb5 8. Nc3
a6 9. e4 Bb7 10. Nf3 Nf6 11. d5 Qd6 12. e5 Qc5 13. exf6 exf6 14. Be3 Qb4 15. Qd2
Qb3 16. Be2 Bb4 17. Nd4 Bxc3 18. bxc3 Bxd5 19. Nxb3 O-O 20. Qxd5 cxb3 21. Qxa8
1-0

[Event "Challenge"]
[Site "http://www.queenalice.com/game.php?id=962796"]
[Date "2011.7.20"]
[Round "-"]
[White "robertovicente"]
[Black "ams07"]
[Result "1-0"]
[WhiteElo "1768"]
[BlackElo "1267"]

1. d4 Nf6 2. Bf4 g6 3. e3 Nc6 4. h3 d6 5. Nf3 Bg7 6. c3 O-O 7. Be2 Bd7 8. O-O
Na5 9. Nbd2 c6 10. b4 e6 11. bxa5 Qxa5 12. Bxd6 Qxc3 13. Bxf8 Rxf8 14. Qb1 b5
15. a4 b4 16. Rc1 1-0

[Event "Challenge"]
[Site "http://www.queenalice.com/game.php?id=976947"]
[Date "2011.8.25"]
[Round "-"]
[White "oaitsabes"]
[Black "robertovicente"]
[Result "1-0"]
[WhiteElo "2037"]
[BlackElo "1851"]

1. e4 e5 2. Nf3 Nc6 3. Bc4 Be7 4. O-O Nf6 5. Re1 O-O 6. c3 d6 7. d4 exd4 8. cxd4
Bg4 9. a3 Bxf3 10. gxf3 h6 11. f4 Nh7 12. Nc3 Kh8 13. Be3 f5 14. e5 dxe5 15.
dxe5 Qe8 16. Qf3 Na5 17. Ba2 Qc6 18. Bd5 Qa6 19. b4 c6 20. bxa5 cxd5 21. Nxd5
Bd8 22. Nb4 Qb5 23. a6 Bb6 24. axb7 Rab8 25. Reb1 Bxe3 26. fxe3 Qxb7 27. Kf2
Qxf3+ 28. Kxf3 Rfc8 29. Rd1 a5 30. Nd5 Rb7 31. Rab1 Rxb1 32. Rxb1 Nf8 33. Rb5
Ra8 34. a4 Ne6 35. Ne7 g5 36. Rb6 g4+ 37. Kf2 Nc5 38. Rxh6+ 1-0

[Event "Challenge"]
[Site "http://www.queenalice.com/game.php?id=976950"]
[Date "2011.8.25"]
[Round "-"]
[White "CapitanFerrini"]
[Black "robertovicente"]
[Result "1-0"]
[WhiteElo "1991"]
[BlackElo "1869"]

1. e4 e5 2. Nf3 Nc6 3. Bb5 Nge7 4. O-O d6 5. d4 Bd7 6. Nc3 exd4 7. Nxd4 Nxd4 8.
Bxd7+ Qxd7 9. Qxd4 Nc6 10. Qe3 Be7 11. Nd5 O-O 12. Qb3 b6 13. Bd2 a5 14. Qg3 Ne5
15. f4 Ng6 16. f5 Ne5 17. f6 1-0

[Event "Challenge"]
[Site "http://www.queenalice.com/game.php?id=976951"]
[Date "2011.8.25"]
[Round "-"]
[White "elena"]
[Black "robertovicente"]
[Result "1-0"]
[WhiteElo "1968"]
[BlackElo "1839"]

1. e4 e5 2. Nf3 Nc6 3. c3 Be7 4. d4 exd4 5. Nxd4 Nxd4 6. cxd4 d6 7. Be2 Nf6 8.
e5 dxe5 9. dxe5 Qxd1+ 10. Bxd1 Nd5 11. O-O Be6 12. Bd2 O-O 13. Bf3 c6 14. Bxd5
Bxd5 15. Be3 Rfe8 16. Nc3 Be6 17. h3 b5 18. Ne4 Bd5 19. Nd6 Bxd6 20. exd6 Rxe3
21. fxe3 Rd8 22. e4 Bxe4 23. Rfd1 Bd5 24. Re1 g6 25. Re7 Ra8 26. Rae1 Be6 27.
Rc7 Bd5 28. d7 1-0

[Event "Challenge"]
[Site "http://www.queenalice.com/game.php?id=984985"]
[Date "2011.9.14"]
[Round "-"]
[White "Kingkila"]
[Black "robertovicente"]
[Result "0-1"]
[WhiteElo "1881"]
[BlackElo "1826"]

1. e4 e5 2. Bc4 d6 3. Qf3 Nf6 4. d3 a6 5. Bg5 Be7 6. Bxf6 Bxf6 7. Nc3 O-O 8.
Nge2 Nc6 9. O-O Na5 10. a4 Nxc4 11. dxc4 c6 12. b4 Be6 13. c5 dxc5 14. bxc5 Qc8
15. h3 Qc7 16. a5 Bc4 17. Rfd1 Rad8 18. Ng3 Rxd1+ 19. Nxd1 Rd8 20. Nh5 Be7 21.
Ne3 g6 22. Nf6+ Kg7 23. Nfg4 Be6 24. c4 Rd3 25. Qe2 Rd4 26. Rb1 Rxe4 27. f3 Rd4
28. Nc2 Rxc4 29. Qxe5+ Qxe5 30. Nxe5 Rxc2 31. Rxb7 Bxc5+ 32. Kf1 Rf2+ 33. Ke1
Rxg2 34. Nd3 Rg1+ 35. Kd2 Bd4 36. Nb4 Bc4 37. Nxc6 Rg2+ 38. Kc1 Be3+ 39. Kb1 Bd5
40. Rc7 Bf4 41. Rc8 Bg5 42. Nb8 Ba2+ 43. Ka1 Bf6+ 0-1

[Event "Challenge"]
[Site "http://www.queenalice.com/game.php?id=988423"]
[Date "2011.9.22"]
[Round "-"]
[White "ElisaFelix"]
[Black "robertovicente"]
[Result "0-1"]
[WhiteElo "1444"]
[BlackElo "1825"]

1. e4 e5 2. Nf3 d6 3. d4 Bg4 4. h3 Bh5 5. Bc4 h6 6. dxe5 Nc6 7. g4 Bg6 8. Nc3
dxe5 9. Qe2 Bc5 10. Bd2 Nf6 11. O-O-O Qe7 12. Bb5 Qe6 13. Kb1 Nd7 14. Bc4 Qe7
15. Nd5 Qd8 16. h4 Nd4 17. Qd3 Nxf3 18. Qxf3 f6 19. g5 c6 20. h5 Bf7 21. g6 Bxd5
22. exd5 Nb6 23. Ba5 Qc7 24. Qf5 Qd6 25. dxc6 Qxc6 26. Bf7+ Ke7 27. Rh3 Rad8 28.
Rhd3 Rxd3 29. Rxd3 Qh1+ 0-1

[Event "Invitation"]
[Site "http://www.queenalice.com/game.php?id=996192"]
[Date "2011.10.11"]
[Round "-"]
[White "Atalxxi1"]
[Black "robertovicente"]
[Result "0-1"]
[WhiteElo "1476"]
[BlackElo "1848"]

1. d4 d5 2. Nc3 Bf5 3. e3 e6 4. Nf3 h6 5. g3 Nf6 6. Bg2 Bb4 7. Bd2 O-O 8. O-O c6
9. a3 Ba5 10. b4 Bc7 11. Na4 Nbd7 12. c3 b5 13. Nb2 a5 14. a4 axb4 15. cxb4 bxa4
16. Nxa4 Ne4 17. Ne5 Nxe5 18. Bxe4 dxe4 19. dxe5 Bxe5 20. Rc1 Rxa4 21. Qxa4 Qxd2
22. Qxc6 Qxb4 23. Rb1 Qd6 24. Qa4 h5 25. Rfd1 Qe7 26. Qc4 Qg5 27. Rb5 f6 28. h4
Qg4 29. Rd2 Qf3 30. Qf1 Ra8 31. Rb1 Kh7 32. Rb7 Ra1 33. Rb1 Rxb1 34. Qxb1 Bh3
35. Qf1 Bxf1 36. Kxf1 Bc3 37. Rd7 Qh1+ 0-1